000 01387nam0a22002891 4500
001 rc\4445913
005 20260407042617.0
021 _aRU
_b66-71607
021 _aRU
_bРг39-67
035 _a(NLR Aleph) 008318099
090 _a8739673
_c8739673
100 _a20130416d1966 |||y0rusy50 ca
101 0 _arus
102 _aRU
105 _ay z |||||
200 1 _aИнструкция по нанесению тонкослойных покрытий на детали машиностроения и изделия народного потребления методом вихревого напыления
_fМ-во местной пром-сти УССР. Укр. науч.-исслед. и конструкторско-технол. ин-т пром-сти культурно-бытовых изделий "УкрНИИпромкультбыт изделий"
210 _aКиев
_cБ. и.
_d1966
215 _a12 с.
_d20
300 _aОтпеч. множит. аппаратом
300 _aВ вып. дан. сост.: В.Ф. Шагиян
702 1 _aШагиян
_bВ.Ф.
_4220
712 0 2 _aУкраинский НИИ промышленности культурно-бытовых изделий
_cКиев
_3RU\NLR\AUTH\8810014889
_9527663
801 0 _aRU
_bNLR
_gpsbo
801 1 _aRU
_bELAR
_2rusmarc
852 _aNLR
_j66-4/16767
942 _cBOOK
980 _aNB